000 00357nam a22001337a 4500
008 230605b xxu||||| |||| 00| 0 eng d
082 _a328.601
_bIPU
110 _d2010
245 _aChronicle of Parliamentary Elections
_cInter-Parliamentary Union
260 _aNew York
_bInter-Parliamentary Union
_c2010
300 _a343 p
440 _v44
942 _2ddc
_cBK
999 _c392
_d392